000 00283nam a2200133Ia 4500
008 190216s9999||||xx |||||||||||||| ||und||
100 _aSanthi Narayan
245 0 _aAlgebra
250 _a4th Ed.
260 _bNcert
_c1990
300 _a304p
650 _aMathematics
942 _cBK
999 _c30469
_d30469